|
|
|
|
| LEADER |
02302nmm a2200409 a 4500 |
| 001 |
000917236 |
| 003 |
CZ BrMZK |
| 005 |
20090226085612.0 |
| 008 |
081016s2008 xr e d |||||||cze d |
| 020 |
|
|
|a 978-80-254-2274-8
|q (CDR)
|
| 040 |
|
|
|a BOA001
|b cze
|
| 072 |
|
7 |
|a 69
|x Stavebnictví
|2 Konspekt
|9 19
|
| 080 |
|
|
|a 624.012.81
|2 MRF
|
| 080 |
|
|
|a 691.1/.2
|2 MRF
|
| 080 |
|
|
|a 69:502.12
|2 MRF
|
| 080 |
|
|
|a (0.034.44)
|2 MRF
|
| 100 |
1 |
|
|a Urbášková, Hana,
|d 1948-
|7 mzk2005269578
|4 aut
|
| 245 |
0 |
0 |
|a Novodobé stavby s využitím přírodních materiálů
|h [elektronický zdroj] /
|c Hana Urbášková, Petr Novák
|
| 256 |
|
|
|a Data (15,0 MB)
|
| 260 |
|
|
|a [Brno] :
|b Sdružení hliněného stavitelství,
|c [2008]
|
| 300 |
|
|
|a 1 CD-ROM :
|b barev. ;
|c 12 cm
|
| 490 |
1 |
|
|a Přírodní materiály a nepálená hlína v novodobých i tradičních stavbách. C
|
| 500 |
|
|
|a Projekt OP RLZ RČ: cz. 04.1.03/3.3.11/3131
|
| 500 |
|
|
|a Projekt je financován Evropským sociálním fondem a státním rozpočtem ČR
|
| 505 |
0 |
0 |
|t Zásady navrhování ekologických staveb s užitím přírodních materiálů --
|t Hliněné stavby současnosti u nás a v zahraničí --
|t Způsoby aplikace hliněného staviva do novodobých staveb včetně staveb energeticky úsporných (nízkoenergetické, pasivní) --
|t Využití energie slunce, hospodaření s vodami, bilance energeticky úsporných opatření --
|t Konstrukce stěn vnitřních a obvodových s využitím přírodních materiálů --
|t Příklady realizací soudobých hliněných staveb
|
| 610 |
2 |
7 |
|a Sdružení hliněného stavitelství
|7 olak2005284569
|2 czenas
|
| 650 |
0 |
7 |
|a hliněné stavby
|7 ph162640
|2 czenas
|
| 650 |
0 |
7 |
|a přírodní materiály
|7 ph124932
|2 czenas
|
| 650 |
0 |
7 |
|a ekologie staveb
|7 ph330248
|2 czenas
|
| 655 |
|
7 |
|a CD-ROM
|7 fd133955
|2 czenas
|
| 700 |
1 |
|
|a Novák, Petr,
|d 1981-
|7 mzk2008473167
|4 aut
|
| 830 |
|
0 |
|a Přírodní materiály a nepálená hlína v novodobých i tradičních stavbách.
|n C
|
| 910 |
2 |
|
|a BOA001
|b CDR2-1213.017
|
| 990 |
|
|
|a CF
|
| 991 |
|
|
|b 200902
|
| 996 |
6 |
|
|b 2610358669
|c CDR2-1213.017
|l Stud. periodik/2.patro
|r Sklad / do 1 hodiny
|n 3
|p p.v.
|w 000917236
|u 000010
|a 1
|e BOA001
|j MZK50
|s P
|
| 996 |
6 |
|
|b 2610358670
|c CDR2-1213.017
|l Stud. periodik/2.patro
|r Sklad / do 1 hodiny
|n 1
|p p.v.
|w 000917236
|u 000020
|a 1
|e BOA001
|j MZK50
|s P
|